ბათუმის შოთა რუსთაველის სახელმწიფო უნივერსიტეტის ბიბლიოთეკა

მარი ბროსე 210 = Marie Brosset 210 : (ბიბ.ჩანაწერი № 60313)

000 -ლიდერი
ფიქსირებული სიგრძის საკონტროლო ველი 01972nam a22003137a 4500
003 - საკონტროლო ნომრის იდენტიფიკატორი
საკონტროლო ველი Ge_BSU
005 - ბოლო ოპერაციის თარიღი და დრო
საკონტროლო ველი 20230628143135.0
008 - ფიქსირებული სიგრძის მონაცემთა ელემენტები - ზოგადი ინფორმაცია
ფიქსირებული სიგრძის საკონტროლო ველი 230628s2012 ge ||||| |||| 00| 0 geo d
020 ## - წიგნის საერთაშორისო სტანდარტული ნომერი
International Standard Book Number 9789941106842
041 ## - ენის კოდი
Language code of text/sound track or separate title geo
080 ## - უნივერსალური ათობითი კლასიფიკაციის ინდექსი
Universal Decimal Classification number 811.353.1 მ-31
245 ## - ცნობა სათაურის შესახებ
Title მარი ბროსე 210 = Marie Brosset 210 :
Remainder of title [კრებული] /
Statement of responsibility, etc სოხუმის სახელმწ. უნ-ტი, საქ. ისტორიისა და ეთნოლოგიის ინ-ტი ; რედ.: ლია ახალაძე, ბეჟან ხორავა, კახა კვაშილავა.
264 ## - წარმოების, გამოცემის, დისტრიბუციის და სხვა ცნობები
გამოცემის, წარმოების, დისტრიბუციის... ადგილი თბილისი :
გამოცემის, წარმოების, დისტრიბუციის... სახელწოდება მერიდიანი,
გამოცემის, წარმოების, დისტრიბუციის... თარიღი 2012.
300 ## - ფიზიკური აღწერა
Extent 262 გვ. ;
Other physical details 24 სმ.
504 ## - BIBLIOGRAPHY, ETC. NOTE
Bibliography, etc ბიბლიოგრ. ტექსტ. შენიშვნ.
520 ## - SUMMARY, ETC.
Summary, etc რეზ. ინგლ.
653 ## - INDEX TERM--UNCONTROLLED
Uncontrolled term ბროსე, მარი
653 ## - INDEX TERM--UNCONTROLLED
Uncontrolled term ფრანგი ქართველოლოგები
653 ## - INDEX TERM--UNCONTROLLED
Uncontrolled term ფრანგი ორიენტალისტები.
653 ## - INDEX TERM--UNCONTROLLED
Uncontrolled term ლიტერატურის ისტორია და კრიტიკა -- ქართული ლიტერატურა.
653 ## - INDEX TERM--UNCONTROLLED
Uncontrolled term საქართველოს გეოპოლიტიკა
653 ## - INDEX TERM--UNCONTROLLED
Uncontrolled term საქართველოს ახალი ისტორია.
653 ## - INDEX TERM--UNCONTROLLED
Uncontrolled term მსოფლიოს ისტორია. ისტორიოგრაფია
700 ## - ADDED ENTRY--PERSONAL NAME
Personal name ახალაძე, ლია
Relator term ავტორი,რედაქტორი
9 (RLIN) 19030
700 ## - ADDED ENTRY--PERSONAL NAME
Personal name ხორავა, ბეჟან
Relator term ავტორი,რედაქტორი
9 (RLIN) 14138
700 ## - ADDED ENTRY--PERSONAL NAME
Personal name კვაშილავა, კახა
Relator term რედაქტორი
9 (RLIN) 5508
710 ## - ADDED ENTRY--CORPORATE NAME
Corporate name or jurisdiction name as entry element სოხუმის სახელმწ. უნ-ტი.
Subordinate unit საქ. ისტ. და ეთნოლ. ინ-ტი.
9 (RLIN) 19031
942 ## - ADDED ENTRY ELEMENTS (KOHA)
Source of classification or shelving scheme
Koha item type წიგნი
ეგზემპლარები
ჩამოწერის სტატუსი დაკარგული ეგზემპლარის სტატუსი კლასიფიკაციის წყარო ან თაროზე გაწყობის სქემა დაზიანების სტატუსი არ გაიცემა მუდმივი მდებარეობა (დაცვის ადგილი) ამჟამინდელი ადგილსამყოფელი თაროზე განთავსების ადგილი შეძენის თარიღი ღირებულება, შესყიდვის ნორმალური ფასი სრული შენახვის შიფრი შტრიხკოდი ბოლო ოპერაციის თარიღი ეგზემპლარის მიმდევრობითი ნომერი (კეტერი?) Uniform Resource Identifier ფასის ძალაში შესვლის თარიღი ეგზემპლარის სახეობა საჯარო შენიშვნა
          ბათუმის შოთა რუსთაველის სახელმწიფო უნივერსიტეტის მთავარი ბიბლიოთეკა ბათუმის შოთა რუსთაველის სახელმწიფო უნივერსიტეტის მთავარი ბიბლიოთეკა წიგნსაცავი 2023-06-28 6.00 811.353.1 მ-31 64838 2023-06-28 64838 ბსუ-ს საპატიო დოქტორის გურამ ლორთქიფანიძის საჩუქარი 2023-06-28 წიგნი 6 ლ.